| 000 | 00416nam a22001457a 4500 | ||
|---|---|---|---|
| 008 | 230622b |||||||| |||| 00| 0 eng d | ||
| 040 |
_aNational Science Library _cNational Science Library |
||
| 080 |
_a628.1 _b[P0] |
||
| 245 | _aRain water harvesting | ||
| 260 |
_aRoorkee: _bNational Institute of Hydrology, _c1993 |
||
| 300 | _a26p. | ||
| 650 | _aWater harvesting | ||
| 653 | _aWater storage | ||
| 942 |
_2udc _cBK |
||
| 999 |
_c46091 _d46091 |
||